| 000 | 01012cam a2200313 i 4500 | ||
|---|---|---|---|
| 003 | DO-SdBNP | ||
| 005 | 20231004132340.0 | ||
| 007 | ta | ||
| 008 | 751003s2018 mx b 000 f spa d | ||
| 020 | _a9786077475149 | ||
| 040 |
_aDO-SdBNP _bspa _cBNPHU _erda |
||
| 082 | 4 |
_a321.01 _bB221 _222 |
|
| 100 | 1 |
_aBaños, Pedro _d1960- _984354 |
|
| 245 | 1 | 0 |
_aAsí se domina el mundo : _bdesvelando las claves del poder mundial / _cPedro Baños |
| 264 | 1 |
_aMéxico : _bEdiciones Culturales Paidós, _bAriel _c2018. |
|
| 300 |
_a468 páginas _c23 cm. |
||
| 336 |
_2rdacontent _atexto _btxt |
||
| 337 |
_2rdamedia _asin mediación _bn |
||
| 338 |
_2rdacarrier _avolumen _bnc |
||
| 490 | 1 | _aMisterio | |
| 500 | _aIncluye datos biográficos del autor en la solapa de la portada. | ||
| 504 | _aBibliografía p: 465-468 | ||
| 590 | _aInventariado, 2023/ YL | ||
| 650 | 4 |
_aPolítica mundial _ySiglo XXI _984355 |
|
| 650 | 4 |
_aGeopolítica _918428 |
|
| 650 | 4 |
_aPoder _948988 |
|
| 910 | _aYlockward | ||
| 942 |
_2ddc _cLBS1 |
||
| 999 |
_c55062 _d55062 |
||